000 00326nam a22001217a 4500
020 _aNA
082 _222
_a537.62
100 _aNA
245 _aETD37-conductors and accessories for overhead lines iec/tc 7 and 11 /
260 _aNew Delhi,
_bBureau of Indian Standards,
_cc2006.
300 _aNA
_bill. ;
_c30 cm.
942 _2ddc
_cEE
999 _c874
_d874